000 00316 a2200145 4500
003 Nust
005 20170207153531.0
040 _cNust
082 _a808.81
100 _aAhmed, Faraz
245 _aMery Khwab Reza Reza
_cAhmed Faraz
260 _aIslamabad
_bDoost Publication
300 _a151:p
650 _aUrdu Poetry
942 _2ddc
_cBK
999 _c187983
_d187983